000 00500nam a22001817a 4500
005 20170509142124.0
010 _aENG-118095
020 _a9789382711599
_c200.00
035 _aEN-101627
037 _bDBAD/PUB
082 _aN
100 _aVerma, Arunendra Nath
245 _aThe loophole /
_cby Arunendra Nath Verma
260 _aNew Delhi
_bVitasta Publishing
_c2015
270 _a2/15, Ansari Road, Daryaganj New Delhi - 110002
300 _a274p.
_c20cm. (pbk)
942 _2ddc
_cEN
_hN
_mVER
999 _c139672
_d139672